ABC of Japanese art
In Japanese art there are many things which inevitably appear strange to Western eyes. For example, subjects of Buddhist painting are almost unthinkable to Westerners. The greatness of Japanese-ink landscape painting is exceedingly difficult to understand because of the deep meaning which is hidden...
Na minha lista:
| Autor principal: | |
|---|---|
| Formato: | Livro |
| Idioma: | Undetermined |
| Publicado em: |
Tokyo
Board of tourist Industry Japanese Government Railways
1937
|
| Assuntos: | |
| Tags: |
Adicionar Tag
Sem tags, seja o primeiro a adicionar uma tag!
|
| Thư viện lưu trữ: | Trung tâm Học liệu Trường Đại học Cần Thơ |
|---|
| LEADER | 00944nam a2200205Ia 4500 | ||
|---|---|---|---|
| 001 | CTU_108310 | ||
| 008 | 210402s9999 xx 000 0 und d | ||
| 082 | |a 709.52 | ||
| 082 | |b T877 | ||
| 100 | |a Tsuda, Noritake | ||
| 245 | 0 | |a ABC of Japanese art | |
| 245 | 0 | |c Noritake Tsuda | |
| 260 | |a Tokyo | ||
| 260 | |b Board of tourist Industry Japanese Government Railways | ||
| 260 | |c 1937 | ||
| 520 | |a In Japanese art there are many things which inevitably appear strange to Western eyes. For example, subjects of Buddhist painting are almost unthinkable to Westerners. The greatness of Japanese-ink landscape painting is exceedingly difficult to understand because of the deep meaning which is hidden from those who have not been initiated into the mystery of Japanese landscape painting in black and white. | ||
| 650 | |a Art, japanese | ||
| 650 | |x History | ||
| 904 | |i Nguyên | ||
| 980 | |a Trung tâm Học liệu Trường Đại học Cần Thơ | ||